Dicionário Espanhol-Português Português-Espanhol (Registo nº 819)

Detalhes MARC
000 -Etiqueta do registo
Cabeçalho 00641 m a2200265 i 4500
005 - Identificador da versão
Campo de controlo 20240813121816.0
010 ## - Número internacional normalizado dos livros (ISBN)
Número (ISBN) 9789720012869
021 ## - Número do Depósito Legal
Número 248282/06
035 ## - Other System Control Numbers
System Control Number 0000885
System Control Number 0000878
System Control Number 0000865
100 ## - Dados gerais de processamento
Dados gerais de processamento 20081010 m y0pory5003 ba
102 ## - Pais de publicação ou produção
País de publicação Portugal
101 0# - Língua de publicação
Língua do texto, banda sonora, etc. Português
215 ## - Descrição física 
Indicação específica da natureza do documento e extensão da espécie 767
200 1# - Titulo e menção de responsabilidade
Título próprio Dicionário Espanhol-Português Português-Espanhol
225 2# - Colecção 
Título próprio da colecção Dicionários Académicos
205 ## - Menção da edição
Menção da edição 1ª edição
210 ## - Publicação, Distribuição, etc. 
Lugar da edição, distribuição, etc. Porto
Nome do editor, distribuidor, etc. Porto Editora
Data da publicação, distribuição, etc. 2007
675 ## - Classificação Decimal Universal (CDU)
Notação 801.32
Edição BN
Língua da edição por
966 ## - Identificação da Biblioteca
Sigla NUMETECA
942 ## - Elementos de entrada adicionados (Koha)
Tipo de item no Koha Livro
Exemplares
Situação do levantamento Origin of item (home branch) (coded) Biblioteca de empréstimo Código de barras Cota Circulation type (not for loan) Tipo de documento Nota do exemplar Damaged status
  Biblioteca Escolar Eng. Nuno Mergulhão Biblioteca Escolar Eng. Nuno Mergulhão BENM1525 801 DIC   Cativo Sem mensagem